| 000 | 00338nam a22001337a 4500 | ||
|---|---|---|---|
| 020 | _a9788126551422 | ||
| 082 |
_a664 _bCON/FO |
||
| 100 |
_aConnor, John. M _aSchiek, William. A _9282 |
||
| 245 | _aFood Processing: An Industrial Powerhouse in Transition | ||
| 250 | _a2 | ||
| 260 |
_aNew Delhi _bWiley _c2014 |
||
| 300 | _a666 | ||
| 942 | _cBK | ||
| 999 |
_c14220 _d14220 |
||